<?xml version="1.0" encoding="UTF-8"?><?xml-stylesheet type="text/xsl" href="static/style.xsl"?><OAI-PMH xmlns="http://www.openarchives.org/OAI/2.0/" xmlns:xsi="http://www.w3.org/2001/XMLSchema-instance" xsi:schemaLocation="http://www.openarchives.org/OAI/2.0/ http://www.openarchives.org/OAI/2.0/OAI-PMH.xsd"><responseDate>2026-05-17T05:43:33Z</responseDate><request verb="GetRecord" identifier="oai:repisalud.isciii.es:20.500.12105/13648" metadataPrefix="marc">https://repisalud.isciii.es/rest/oai/request</request><GetRecord><record><header><identifier>oai:repisalud.isciii.es:20.500.12105/13648</identifier><datestamp>2024-09-28T01:30:54Z</datestamp><setSpec>com_20.500.12105_2052</setSpec><setSpec>com_20.500.12105_2051</setSpec><setSpec>col_20.500.12105_19613</setSpec></header><metadata><record xmlns="http://www.loc.gov/MARC21/slim" xmlns:dcterms="http://purl.org/dc/terms/" xmlns:doc="http://www.lyncode.com/xoai" xmlns:xsi="http://www.w3.org/2001/XMLSchema-instance" xsi:schemaLocation="http://www.loc.gov/MARC21/slim http://www.loc.gov/standards/marcxml/schema/MARC21slim.xsd">
   <leader>00925njm 22002777a 4500</leader>
   <datafield ind2=" " ind1=" " tag="042">
      <subfield code="a">dc</subfield>
   </datafield>
   <datafield ind2=" " ind1=" " tag="720">
      <subfield code="a">García-Verdúguez, Enrique</subfield>
      <subfield code="e">author</subfield>
   </datafield>
   <datafield ind2=" " ind1=" " tag="260">
      <subfield code="c">2021-10-29</subfield>
   </datafield>
   <datafield ind2=" " ind1=" " tag="520">
      <subfield code="a">Manuel Martín Salazar (1834-1937), vivió la convulsa etapa política, social, económica y sanitaria de finales del siglo XIX y principios del XX. A lo largo de su trayectoria profesional conoció veinte gobiernos diferentes, con veinticinco ministros de Gobernación, de los que dependían todos los asuntos sanitarios del país, con una nula atención a los aspectos epidemiológicos y sociosanitarios más elementales, resultando en una sanidad deficitaria.&#xd;
Justificación.&#xd;
Las medidas adoptadas frente a la pandemia de COVID-19, no son producto de las demandas fortuitas presentes, sino de todo un proceso regenerador sanitario que se inició a principios del siglo XX, situándose Martín Salazar a la vanguardia del mismo.&#xd;
Objetivos.&#xd;
Realizar una revisión bibliográfica de las aportaciones de Manuel Martín Salazar a la Salud Pública, analizando las medidas sociosanitarias y legislativas que se adoptaron antes y después de la gripe de 1918-1919, así como el alcance de las mismas.&#xd;
Materiales y método.&#xd;
Se realizó un estudio histórico bajo la perspectiva de la historia social de la medicina en el periodo comprendido entre 1855 y 1937, destacando los años 1909 hasta 1923. Para ello, se consultaron: fuentes de archivo, fuentes bibliográficas primarias y secundarias, así como fuentes orales.&#xd;
Resultados.&#xd;
Perfila la figura del médico higienista en España, describiendo sus competencias, la duración de su formación y el lugar donde se llevaría a cabo la misma. Elabora proyectos de ley sobre prevención de enfermedades infecciosas desde 1914-1922, así como reales decretos que suplirían la ausencia de una ley de sanidad en España durante los años de epidemia gripal.&#xd;
Conclusiones.&#xd;
Gracias a Martín Salazar, la Salud Pública existe tal y como es hoy en España. Sin su capacidad de movilización del personal sanitario y otros estamentos, ni sus aportaciones a la misma, no se habrían sentado las bases de nuestro actual sistema sanitario.</subfield>
   </datafield>
   <datafield ind1="8" ind2=" " tag="024">
      <subfield code="a">http://hdl.handle.net/20.500.12105/13648</subfield>
   </datafield>
   <datafield tag="653" ind2=" " ind1=" ">
      <subfield code="a">Manuel Martín Salazar</subfield>
   </datafield>
   <datafield tag="653" ind2=" " ind1=" ">
      <subfield code="a">Higiene</subfield>
   </datafield>
   <datafield tag="653" ind2=" " ind1=" ">
      <subfield code="a">Salud pública</subfield>
   </datafield>
   <datafield tag="653" ind2=" " ind1=" ">
      <subfield code="a">Legislación sobre enfermedades infecciosas</subfield>
   </datafield>
   <datafield tag="653" ind2=" " ind1=" ">
      <subfield code="a">Estadística sanitaria</subfield>
   </datafield>
   <datafield tag="653" ind2=" " ind1=" ">
      <subfield code="a">Epidemia de gripe de 1918-1919</subfield>
   </datafield>
   <datafield tag="653" ind2=" " ind1=" ">
      <subfield code="a">Administración sanitaria</subfield>
   </datafield>
   <datafield ind2="0" ind1="0" tag="245">
      <subfield code="a">Manuel Martín Salazar: revisión bibliográfica de sus aportaciones a la salud pública</subfield>
   </datafield>
</record></metadata></record></GetRecord></OAI-PMH>